000 00521nam a2200181Ia 4500
008 151018s9999 xx 000 0 und d
082 _bRBASDV63246
_a891.463
100 _aआनंदहरी
245 _aपाउलखुणा
250 _b2
260 _b"अरिहत प्रकाशन ,पुणे"
_c2013
300 _a192
600 _aआनंदहरी
630 _aपाउलखुणा
700 _aआनंदहरी
730 _aपाउलखुणा
942 _cBOOK
999 _c1055589
_d1055586